000 00451nam a2200169Ia 4500
001 31165
003 IN-NITTTR
005 20251114233418.0
008 251113s9999||||xx |||||||||||||| ||eng||
040 _beng
040 _cIN-NITTTR
041 _aeng
082 _a006.312 A26A
100 _aAbbott, Dean
245 0 _aApplied predictive analytics :
_b principles and techniques for the professional data analyst /
_cAbbott, Dean
942 _2ddc
_cBK
999 _c33795
_d33795